[Event "Calvia Amateur op 16th"]
[Site "Calvia"]
[Date "2019.10.05"]
[Round "1"]
[White "Gardeta Fuster, Amadeo"]
[Black "Galicek, Stanislav"]
[Result "0-1"]
[WhiteElo "1751"]
[BlackElo "2142"]
[PlyCount "56"]
[EventDate "2019.10.05"]
[EventType "swiss"]
[EventRounds "9"]
[EventCountry "ESP"]
[SourceTitle "CBM 192 Extra"]
[Source "Chessbase"]
[SourceDate "2019.11.06"]
[SourceVersion "1"]
[SourceVersionDate "2019.11.06"]
[SourceQuality "1"]

1. Nf3 c5 2. c4 Nc6 3. d4 cxd4 4. Nxd4 g6 5. Nxc6 bxc6 6. Bd2 Nf6 7. Bc3 Bg7 8. e4 0-0 9. Nd2 d5 10. cxd5 cxd5 11. exd5 Nxd5 12. Bxg7 Kxg7 13. Bc4 Bb7 14. 0-0 Nf4 15. Qg4 e5 16. Nf3 f5 17. Qg3 Rc8 18. Ng5 Rxc4 19. Rfe1 Qd5 20. Nf3 Re8 21. h4 Nd3 22. Red1 Rg4 23. Qh3 Qxf3 24. Qxf3 Bxf3 25. Rxd3 Bxg2 26. f3 Bxf3+ 27. Kf2 Be4 28. Rd7+ Kh6 0-1

[Event "Campos Migjorn op"]
[Site "Campos"]
[Date "2019.09.13"]
[Round "3"]
[White "Cisneros Serra, Javier"]
[Black "Gardeta Fuster, Amadeo"]
[Result "1-0"]
[WhiteElo "1822"]
[BlackElo "1719"]
[PlyCount "91"]
[EventDate "2019.09.06"]
[EventType "swiss"]
[EventRounds "8"]
[EventCountry "ESP"]
[SourceTitle "EXT 2020"]
[Source "ChessBase"]
[SourceDate "2019.10.17"]
[SourceVersion "1"]
[SourceVersionDate "2019.10.17"]
[SourceQuality "1"]

1. e4 c5 2. Nf3 d6 3. d4 cxd4 4. Nxd4 Nf6 5. Nc3 Nc6 6. Bg5 e6 7. Qd2 Be7 8. 0-0-0 d5 9. Ndb5 a6 10. exd5 Nxd5 11. Nxd5 Bxg5 12. Nbc7+ Kf8 13. f4 exd5 14. Nxa8 Bh6 15. Qxd5 Bxf4+ 16. Kb1 Qxd5 17. Rxd5 Be6 18. Rd1 b5 19. g3 Bg4 20. Bg2 Bxd1 21. Rxd1 Bg5 22. Bxc6 Ke7 23. h4 Bf6 24. Nb6 Be5 25. g4 Rb8 26. Rd7+ Kf6 27. Nd5+ Ke6 28. Ra7 Rd8 29. Rxa6 Rxd5 30. Bxd5+ Kxd5 31. Rb6 Kc5 32. Rb7 f5 33. gxf5 Kc6 34. Rf7 Bf6 35. h5 h6 36. c3 Kd6 37. Rb7 Kc6 38. Ra7 Kb6 39. Rf7 Kc6 40. Rxf6+ gxf6 41. b3 Kd5 42. a4 bxa4 43. bxa4 Ke5 44. a5 Kd5 45. c4+ Kc6 46. Kc2 1-0

[Event "Mallorca-ch Segona"]
[Site "Palma"]
[Date "2017.12.16"]
[Round "5.1"]
[White "Gardeta Fuster, Amadeo"]
[Black "Aguado Doncel, Pablo Luis"]
[Result "0-1"]
[WhiteElo "1817"]
[BlackElo "1746"]
[PlyCount "70"]
[EventDate "2017.12.02"]
[EventType "swiss"]
[EventRounds "6"]
[EventCountry "ESP"]
[SourceTitle "EXT 2024"]
[Source "ChessBase"]
[SourceDate "2023.10.10"]
[SourceVersion "1"]
[SourceVersionDate "2023.10.10"]
[SourceQuality "1"]

1. Nf3 d5 2. d4 e6 3. c4 Be7 4. Nc3 Nf6 5. g3 0-0 6. cxd5 exd5 7. Bg2 c6 8. 0-0 Bf5 9. Nh4 Be6 10. Qd3 Nbd7 11. Nf5 Bb4 12. Bg5 h6 13. Bf4 Nh5 14. Bd2 Nb6 15. a3 Be7 16. g4 Nf6 17. Nxe7+ Qxe7 18. g5 hxg5 19. Bxg5 Nbd7 20. e4 dxe4 21. Nxe4 Bf5 22. Nxf6+ Qxf6 23. Qf3 Qe6 24. Qg3 Rae8 25. Rad1 Nb6 26. h4 Qe2 27. Rd2 Qg4 28. d5 cxd5 29. Bxd5 Nxd5 30. Rxd5 Re2 31. Rb5 Qxg3+ 32. fxg3 Be4 33. Rf2 Re1+ 34. Rf1 Rxf1+ 35. Kxf1 Bd3+ 0-1

[Event "Mallorca-ch Segona"]
[Site "Palma"]
[Date "2017.12.02"]
[Round "1.5"]
[White "Comas Cladera, Joan"]
[Black "Gardeta Fuster, Amadeo"]
[Result "1/2-1/2"]
[WhiteElo "1590"]
[BlackElo "1817"]
[PlyCount "41"]
[EventDate "2017.12.02"]
[EventType "swiss"]
[EventRounds "6"]
[EventCountry "ESP"]
[SourceTitle "EXT 2024"]
[Source "ChessBase"]
[SourceDate "2023.10.10"]
[SourceVersion "1"]
[SourceVersionDate "2023.10.10"]
[SourceQuality "1"]

1. d4 Nf6 2. Bf4 d5 3. e3 c5 4. c3 Nc6 5. Nd2 e6 6. Ngf3 Nh5 7. Bg5 Be7 8. Bxe7 Qxe7 9. Ne5 Nf6 10. Bd3 0-0 11. f4 c4 12. Bc2 Nd7 13. 0-0 Ncxe5 14. fxe5 f6 15. exf6 Rxf6 16. Rxf6 Nxf6 17. Nf3 Ng4 18. Qd2 Bd7 19. h3 Nf6 20. Ne5 Be8 21. Re1 1/2-1/2